السكر و علاجه / (رقم التسجيلة. 15453)
[ عرض عادي ]
| 000 -LEADER | |
|---|---|
| fixed length control field | 00485nam a22001697a 4500 |
| 005 - DATE AND TIME OF LATEST TRANSACTION | |
| control field | 20251108164831.0 |
| 008 - FIXED-LENGTH DATA ELEMENTS--GENERAL INFORMATION | |
| fixed length control field | 250721s1974 xx 000 0 ara d |
| 082 14 - DEWEY DECIMAL CLASSIFICATION NUMBER | |
| Classification number | 616.462/محم |
| 100 1# - MAIN ENTRY--PERSONAL NAME | |
| Personal name | رفعت، محمد |
| 245 10 - TITLE STATEMENT | |
| Title | السكر و علاجه / |
| 264 1# - PRODUCTION, PUBLICATION, DISTRIBUTION, MANUFACTURE, AND COPYRIGHT NOTICE | |
| Place of production, publication, distribution, manufacture | بيروت : |
| Name of producer, publisher, distributor, manufacturer | دار المعرفة، |
| Date of production, publication, distribution, manufacture, or copyright notice | 1974. |
| 300 ## - PHYSICAL DESCRIPTION | |
| Extent | 232ص : مص |
| 490 0# - SERIES STATEMENT | |
| Series statement | سلسلة مكتبة البيت الطبية ؛ 9 |
| 650 17 - SUBJECT ADDED ENTRY--TOPICAL TERM | |
| Topical term or geographic name as entry element | مرض السكر |
| 942 ## - ADDED ENTRY ELEMENTS (KOHA) | |
| Source of classification or shelving scheme | Dewey Decimal Classification |
| Koha item type | كتب |
| حالة السحب | حالة الفقدان | مصدر التصنيف | حالة التلف | غير قابل للإعارة | المكتبة الرئيسية | المكتبة الحالية | موقع الرف | تاريخ التزويد | الرقم المتسلسل | Total Checkouts | رقم الإستدعاء | الباركود | تاريخ آخر ظهور | تاريخ الفاتورة | نوع المادة (كوها) |
|---|---|---|---|---|---|---|---|---|---|---|---|---|---|---|---|
| Dewey Decimal Classification | مكتبة حمزة العامة | مكتبة حمزة العامة | الإعارة | 26/10/2015 | [5351]. | 616.462/محم | PLD00359813 | 28/07/2025 | 26/10/2015 | كتب | |||||
| Dewey Decimal Classification | مكتبة حمزة العامة | مكتبة حمزة العامة | الإعارة | 26/10/2015 | [[5063] | 616.462/محم | PLD00359819 | 28/07/2025 | 26/10/2015 | كتب |